Komparácia krajín CEE a EÚ-15 v kontexte cyklickosti fiškálnej politiky – panelový VAR model
Cyklické správanie fiškálnej politiky v rámci krajín EÚ-27 a možné rozdiely v cyklickosti fiškálnej politiky medzi krajinami CEE a EÚ-15 s využitím panelového VAR modelu. Výsledky východiskového modelu naznačujú procyklický charakter fiškálnej politiky; čiastkové modely krajín CEE a EÚ-15 potvrdzuj...
Salvato in:
| Autore principale: | |
|---|---|
| Altri autori: | |
| Natura: | Capitolo di libro |
| Lingua: | slovacco |
| Soggetti: | |
| Tags: |
Nessun Tag, puoi essere il primo ad aggiungerne!!
|
MARC
| LEADER | 00000naa a2200000 4500 | ||
|---|---|---|---|
| 001 | 0247130 | ||
| 005 | 20220715093705.7 | ||
| 041 | 0 | |a slo | |
| 044 | |a SK | ||
| 245 | 1 | 0 | |a Komparácia krajín CEE a EÚ-15 v kontexte cyklickosti fiškálnej politiky – panelový VAR model |c Martin Kameník, Ľubica Štiblárová |
| 520 | |a Cyklické správanie fiškálnej politiky v rámci krajín EÚ-27 a možné rozdiely v cyklickosti fiškálnej politiky medzi krajinami CEE a EÚ-15 s využitím panelového VAR modelu. Výsledky východiskového modelu naznačujú procyklický charakter fiškálnej politiky; čiastkové modely krajín CEE a EÚ-15 potvrdzujú predchádzajúce výsledky, avšak výrazné rozdiely môžu byť identifikované v rámci výdavkových multiplikátorov. Okamžitý výdavkový multiplikátor pre krajiny EÚ-15 je viac než dvojnásobne vyšší ako pre CEE krajiny a tieto rozdiely pretrvávajú dokonca aj rok po šoku. | ||
| 610 | 2 | 0 | |a metóda Value at Risk |
| 610 | 2 | 0 | |a model Value at Risk |
| 610 | 2 | 0 | |a politika fiškálna |
| 610 | 2 | 0 | |a Európska únia |
| 610 | 2 | 0 | |a analýza komparatívna |
| 100 | 1 | |a Kameník, Martin | |
| 700 | 1 | |a Štiblárová, Ľubica | |